Erfolgreichste Songs der Beatles - Statistiken

Allgemein
  • Dieses Quiz wurde 90 mal gespielt
  • Das Durchschnittsergebnis liegt bei 7 aus 29
Antwortstatistiken
Jahr Pl. Song % Korrekt
1970 1 Let It Be
74%
1968 1 Hey Jude
70%
1966 1 Yellow Submarine
69%
1965 2 Help!
61%
1965 6 Yesterday
57%
1967 1 Penny Lane
34%
1963 7 She Loves You
34%
1969 1 Come Together
32%
1963 10 Twist and Shout
30%
1969 1 Something
29%
1964 2 A Hard Day’s Night
27%
1969 1 Ob-La-Di, Ob-La-Da
26%
1967 1 All You Need Is Love
25%
2023 1 Now and Then
19%
1965 7 Eight Days a Week
17%
1969 1 Get Back
17%
1965 2 Ticket to Ride
17%
1966 6 Michelle
16%
1966 1 Paperback Writer
14%
1967 1 Hello, Goodbye
13%
1968 2 Lady Madonna
12%
1966 3 Nowhere Man
10%
1964 3 I Feel Fine
6%
1969 1 The Ballad of John and Yoko
6%
1965 2 We Can Work It Out
5%
1964 6 I Should Have Known Better
3%
1965 5 No Reply
1%
1964 7 Long Tall Sally
0%
1965 2 Rock and Roll Music
0%
Keine übereinstimmenden Quizze gefunden
Verteilung der Resultate
Anzahl Personen mit jedem Resultat
Perzentil nach korrekt beantworteten Fragen
Ihre Resultats-Entwicklung
Sie haben dieses Quiz noch nicht gespielt